Normal view
MARC view
Entry Topical Term
001 - CONTROL NUMBER
- control field: 1164591
003 - CONTROL NUMBER IDENTIFIER
- control field:
005 - DATE AND TIME OF LATEST TRANSACTION
- control field: 20210628180149.0
008 - FIXED-LENGTH DATA ELEMENTS
- fixed length control field: 210628|| aca||aabn | a|a d
040 ## - CATALOGING SOURCE
- Original cataloging agency:
- Transcribing agency:
150 ## - HEADING--TOPICAL TERM
- Topical term or geographic name entry element: Assam
- General subdivision: India
- General subdivision: Biography
670 ## - SOURCE DATA FOUND
- Source citation: Work cat.: ()1204147: 880-01 सिन्हा, श्रीनिवास कुमार 1926 - 1164590, मिशन असम, 2010.
